Student manual for The art of electronics / (Record no. 17588)
[ view plain ]
| 000 -LEADER | |
|---|---|
| fixed length control field | 00888pam a2200253 a 4500 |
| 001 - CONTROL NUMBER | |
| control field | 1069551 |
| 005 - DATE AND TIME OF LATEST TRANSACTION | |
| control field | 20131001134848.0 |
| 008 - FIXED-LENGTH DATA ELEMENTS--GENERAL INFORMATION | |
| fixed length control field | 910327s1989 enka f 001 0 eng |
| 010 ## - LIBRARY OF CONGRESS CONTROL NUMBER | |
| LC control number | 91013055 |
| 020 ## - INTERNATIONAL STANDARD BOOK NUMBER | |
| International Standard Book Number | 0521377099 (pbk.) |
| 020 ## - INTERNATIONAL STANDARD BOOK NUMBER | |
| International Standard Book Number | 9780521377096 |
| 082 00 - DEWEY DECIMAL CLASSIFICATION NUMBER | |
| Classification number | 621.381078 |
| Edition number | 22 |
| Item number | HAY |
| 100 1# - MAIN ENTRY--PERSONAL NAME | |
| Personal name | Hayes, Thomas C. |
| 9 (RLIN) | 33877 |
| 245 10 - TITLE STATEMENT | |
| Title | Student manual for The art of electronics / |
| Statement of responsibility, etc | Thomas C. Hayes, Paul Horowitz. |
| 260 ## - PUBLICATION, DISTRIBUTION, ETC. (IMPRINT) | |
| Place of publication, distribution, etc | Cambridge [England] ; |
| -- | New York, NY, USA : |
| Name of publisher, distributor, etc | Cambridge University Press, |
| Date of publication, distribution, etc | c1989 |
| 300 ## - PHYSICAL DESCRIPTION | |
| Extent | ix, 614 p. : |
| Other physical details | ill. ; |
| Dimensions | 26 cm. |
| 500 ## - GENERAL NOTE | |
| General note | Includes index. |
| 650 #0 - SUBJECT ADDED ENTRY--TOPICAL TERM | |
| Topical term or geographic name as entry element | Electronics |
| General subdivision | Laboratory manuals. |
| 9 (RLIN) | 33878 |
| 650 #0 - SUBJECT ADDED ENTRY--TOPICAL TERM | |
| Topical term or geographic name as entry element | Electronic circuit design |
| General subdivision | Laboratory manuals. |
| 9 (RLIN) | 33879 |
| 653 ## - INDEX TERM--UNCONTROLLED | |
| Resource For college | |
| Arrived date list | September2013 |
| 700 1# - ADDED ENTRY--PERSONAL NAME | |
| Personal name | Horowitz, Paul, |
| Dates associated with a name | 1942- |
| 9 (RLIN) | 33880 |
| 700 1# - ADDED ENTRY--PERSONAL NAME | |
| Personal name | Horowitz, Paul, |
| Dates associated with a name | 1942- |
| Title of a work | Art of electronics. |
| 9 (RLIN) | 33881 |
| 942 ## - ADDED ENTRY ELEMENTS (KOHA) | |
| Source of classification or shelving scheme | Dewey Decimal Classification |
| Item type | Book - Borrowing |
| Withdrawn status | Item status | Source of classification or shelving scheme | Damaged status | Not for loan | Vendor | Home library | Current library | Shelving location | Date acquired | Source of acquisition | Total Checkouts | Full call number | Barcode | Date last seen | Koha item type | Total Renewals | Date last borrowed |
|---|---|---|---|---|---|---|---|---|---|---|---|---|---|---|---|---|---|
| Dewey Decimal Classification | Baccah | Central Library | Central Library | First floor | 01/10/2013 | 621.381078 HAY | 000029151 | 15/07/2025 | Book - Borrowing | ||||||||
| Dewey Decimal Classification | Baccah | Central Library | Central Library | First floor | 01/10/2013 | 621.381078 HAY | 000029152 | 15/07/2025 | Book - Borrowing | ||||||||
| Dewey Decimal Classification | Baccah | Central Library | Central Library | First floor | 01/10/2013 | 1 | 621.381078 HAY | 000029153 | 15/07/2025 | Book - Borrowing | 11 | 21/02/2017 |